| 000 | 00545nam a2200145Ia 4500 | ||
|---|---|---|---|
| 008 | 170221s9999 xx 000 0 und d | ||
| 100 | _aDavid G. Meyer | ||
| 245 | _aImplemented strategy in the automobile parts supply sector: Direct and indirect effects on performance | ||
| 245 | _cDavid G. Meyer, Meyer & Associates; Steve Dunphy, Indiana University Northwest. | ||
| 260 | _bJournal of Management and Marketing Research | ||
| 260 | _c2012 | ||
| 300 | _a1 : 2 | ||
| 650 | _xBusiness | ||
| 856 | _uhttp://www.aabri.com/manuscripts/142057.pdf | ||
| 999 |
_c313371 _d313371 |
||